000 00610nam a2200217 i 4500
001 C2-0310224
003 PPAK
005 20180728101459.0
008 110613s1973 my |||| ||||| | may d
040 _aPPAK
_beng
_cPPAK
_erda
082 0 4 _a959.5
_223
090 0 0 _a959.5
_bFOR
_dKMI
245 0 0 _aForum sejarah kedua Universiti Sains Malaysia 1972
264 1 _aPulau Pinang :
_bUniversiti Sains Pulau Pinang ,
_c1973
300 _a66 pages ;
_c20 cm
336 _2rdacontent
_atext
337 _2rdamedia
_aunmediated
338 _2rdacarrier
_avolume
650 1 0 _aMalaysia - History
942 _ddc
_cB
999 _c112707
_d112707